LEADER 01471cam0-22004691i-450 001 990004856080403321 005 20211029111303.0 035 $a000485608 100 $a19990604g18641867km-y0itay50------ba 101 1 $afre$ceng 102 $aFR 105 $aa-------001yy 200 1 $aHistoire de la Grèce$edepuis les temps les plus reculés jusqu'à la fin de la génération contemporaine d'Alexandre le Grand$fG. Grote$gtraduit de l'anglais par A.-L. de Sadous 210 $aParis$cA. Lacroix$d1864-1867 215 $a19 v.$cill.$d23 cm 225 1 $aCollection d'historiens contemporains 327 $a7.: 1865 676 $a930$v20$zita 700 1$aGrote,$bG.$0194349 801 0$aIT$bUNINA$gRICA$2UNIMARC 901 $aBK 912 $a990004856080403321 952 $aXIII C 20$bS.I.$fFLFBC 952 $aXIII C 19$bS.I.$fFLFBC 952 $aXIII C 21$bS.I.$fFLFBC 952 $aXIII C 22$bS.I.$fFLFBC 952 $aXIII C 23$bS.I.$fFLFBC 952 $aXIII C 24$bS.I.$fFLFBC 952 $aXIII C 25$bS.I.$fFLFBC 952 $aXIII C 26$bS.I.$fFLFBC 952 $aXIII C 27$bS.I.$fFLFBC 952 $aXIII C 28$bS.I.$fFLFBC 952 $aXXI A 234 (1-10)$b10738$fFGBC 952 $aXIII A 10$bS.I.$fFLFBC 952 $aXIII A 11$fFLFBC 952 $aXIII A 12$fFLFBC 952 $aXIII A 13$fFLFBC 952 $aXIII A 14$fFLFBC 959 $aFLFBC 959 $aFGBC 996 $aHistoire de la Grèce$9521291 997 $aUNINA LEADER 01046nam a2200265 i 4500 001 991000236229707536 008 040921s1986 enka b 00100 eng d 035 $ab13193971-39ule_inst 040 $aDip.to Biologia$beng 082 0 $a572$222 245 02$aA Biologist's guide to principles and techniques of practical biochemistry /$bedited by Keith Wilson, Kenneth H. Goulding 250 $a3. ed. 260 3 $aLondon :$bEdward Arnold,$c1986 300 $axix, 396 p. :$bill. ;$c23 cm 490 0 $aContemporary biology 504 $aIncludes bibliographies and index 650 0$aBiochemistry$xTechnique 700 1 $aWilson, Keith 700 1 $aGoulding, Kenneth H. 907 $a.b13193971$b30-06-11$c21-09-04 912 $a991000236229707536 945 $aLE003 572 WIL01.01 (1986)$g1$i2003000045437$lle003$o-$pE0.00$q-$rl$s- $t0$u0$v0$w0$x0$y.i13846814$z21-09-04 996 $aBiologist's guide to Principles and techniques of practical biochemistry$9440639 997 $aUNISALENTO 998 $ale003$b21-09-04$cm$da $e-$feng$genk$h2$i0